000 00383 a2200157 4500
001 56486
020 _a852600624X
040 _cAnchieta - Pituba
100 _aColasanti, Marina
240 1 0 _aDoze reis e a moça no labirinto do vento
_lpor
245 1 0 _aDoze reis e a moça no labirinto do vento
300 _a93
362 0 _a2001
650 4 _aLiteratura juvenil
942 _cBK
999 _c56486
_d56486